[Event "Bodo CC-ch"]
[Site "Bodo"]
[Date "2020.02.25"]
[Round "2"]
[White "Edroma, Godfrey"]
[Black "Hjelle, Kjell"]
[Result "1-0"]
[WhiteElo "1474"]
[BlackElo "1202"]
[PlyCount "31"]
[EventDate "2020.02.11"]
[EventType "swiss"]
[EventRounds "7"]
[EventCountry "NOR"]
[SourceTitle "EXT 2024"]
[Source "ChessBase"]
[SourceDate "2023.10.10"]
[SourceVersion "1"]
[SourceVersionDate "2023.10.10"]
[SourceQuality "1"]

1. e4 e5 2. Nf3 Nc6 3. Nc3 Nf6 4. a3 a6 5. b4 d5 6. exd5 Nxd5 7. Ne4 Be7 8. Bc4 Be6 9. Nc5 Nc3 10. Nxe6 fxe6 11. dxc3 Qc8 12. Bg5 h6 13. Bxe7 Kxe7 14. Nh4 Qe8 15. Qg4 Qf7 16. Ng6+ 1-0

[Event "Bodo CC-ch"]
[Site "Bodo"]
[Date "2019.04.02"]
[Round "8"]
[White "Hjelle, Kjell"]
[Black "Marthinsen, Svein"]
[Result "1-0"]
[WhiteElo "1256"]
[BlackElo "1057"]
[PlyCount "77"]
[EventDate "2019.01.29"]
[EventType "swiss"]
[EventRounds "8"]
[EventCountry "NOR"]
[SourceTitle "EXT 2024"]
[Source "ChessBase"]
[SourceDate "2023.10.10"]
[SourceVersion "1"]
[SourceVersionDate "2023.10.10"]
[SourceQuality "1"]

1. e4 e5 2. Nc3 Nf6 3. f4 d5 4. exd5 Nxd5 5. Nf3 Nxc3 6. bxc3 e4 7. Qe2 Qd5 8. Bb2 Bf5 9. c4 Qa5 10. Bc3 Bb4 11. Bxg7 Rg8 12. Bd4 c5 13. c3 Nc6 14. Qe3 0-0-0 15. Ne5 cxd4 16. Nxc6 bxc6 17. cxd4 c5 18. d5 Kc7 19. g3 Qb6 20. Be2 a5 21. 0-0 Qf6 22. a3 Bh3 23. Rfb1 Bxd2 24. Qxc5+ Kd7 25. Rb7+ Ke8 26. Rab1 Rxg3+ 27. hxg3 Rc8 28. Qb5+ Kf8 29. Bh5 Be3+ 30. Kh2 Bg1+ 31. Rxg1 Kg7 32. Rxf7+ Qxf7 33. Bxf7 Bd7 34. Qxd7 Rxc4 35. d6 Rc2+ 36. Kh3 Kf6 37. Qe6+ Kg7 38. Qe7 Re2 39. Bc4+ 1-0

[Event "Bodo CC-ch"]
[Site "Bodo"]
[Date "2019.01.29"]
[Round "1"]
[White "Hjelle, Kjell"]
[Black "Nordolum, Henrik"]
[Result "0-1"]
[WhiteElo "1256"]
[BlackElo "1606"]
[PlyCount "82"]
[EventDate "2019.01.29"]
[EventType "swiss"]
[EventRounds "8"]
[EventCountry "NOR"]
[SourceTitle "EXT 2024"]
[Source "ChessBase"]
[SourceDate "2023.10.10"]
[SourceVersion "1"]
[SourceVersionDate "2023.10.10"]
[SourceQuality "1"]

1. e4 e5 2. Nc3 Nf6 3. f4 d5 4. exd5 exf4 5. Nf3 Nxd5 6. Bc4 Nxc3 7. bxc3 Be7 8. 0-0 0-0 9. d4 c5 10. Bxf4 Nc6 11. Kh1 Bg4 12. d5 Na5 13. Bb3 c4 14. a4 cxb3 15. cxb3 Bd6 16. Bxd6 Qxd6 17. Rb1 Rad8 18. c4 Bxf3 19. Rxf3 Nc6 20. h3 Ne5 21. Rf1 Rd7 22. Qd4 b6 23. b4 Rc8 24. Rfc1 Rdc7 25. Rc3 Rxc4 26. Rxc4 Rxc4 27. Qd2 f6 28. Rc1 Rxc1+ 29. Qxc1 Qxd5 30. Qc8+ Kf7 31. Qc7+ Qd7 32. Qc1 h6 33. b5 Nd3 34. Qc4+ Kf8 35. Kg1 Qf5 36. Qc2 Qc5+ 37. Qxc5+ Nxc5 38. Kf2 Nxa4 39. g4 Ke7 40. Kg3 g5 41. h4 Nc3 0-1

[Event "Bodo-ch"]
[Site "Bodo"]
[Date "2018.11.13"]
[Round "5"]
[White "Hjelle, Kjell"]
[Black "Larsen, Hakon Wilhelm"]
[Result "0-1"]
[WhiteElo "1228"]
[BlackElo "1124"]
[PlyCount "100"]
[EventDate "2018.10.16"]
[EventType "swiss"]
[EventRounds "6"]
[EventCountry "NOR"]
[SourceTitle "EXT 2024"]
[Source "ChessBase"]
[SourceDate "2023.10.10"]
[SourceVersion "1"]
[SourceVersionDate "2023.10.10"]
[SourceQuality "1"]

1. e4 e6 2. Nc3 Nc6 3. Nf3 g6 4. d4 d5 5. e5 a6 6. Be2 h6 7. 0-0 Nge7 8. a3 Bg7 9. Bf4 Nf5 10. g3 g5 11. Bc1 g4 12. Ne1 Nfxd4 13. Bf4 h5 14. Qd2 b6 15. Bg5 Nxe2+ 16. Nxe2 f6 17. Bxf6 Bxf6 18. exf6 Qxf6 19. Rb1 Bb7 20. c3 0-0-0 21. b4 e5 22. f3 Rdf8 23. f4 h4 24. Nd3 e4 25. Ne5 Nxe5 26. fxe5 Qxe5 27. Rxf8+ Rxf8 28. Nf4 Qd6 29. Rf1 c5 30. c4 d4 31. bxc5 bxc5 32. a4 d3 33. Qb2 Qd4+ 34. Qxd4 cxd4 35. Rd1 Kd7 36. a5 Kc6 37. Kf2 e3+ 38. Ke1 d2+ 39. Ke2 Kd6 40. Kd3 Rxf4 41. gxf4 e2 42. Kxe2 Bf3+ 43. Kxd2 Bxd1 44. Kxd1 g3 45. hxg3 hxg3 46. Ke2 d3+ 47. Ke1 g2 48. Kf2 d2 49. Ke2 g1Q 50. Kxd2 Qd4+ 0-1